000 00463ngm a2200121 454500
008 180718b-- xxu||||| |||| 00| 0 eng d
082 _aT2068x54 EP91/1973-74-1997-98
245 _aAnnual survey of industries
_cby EPW Research Foundation
260 _aMumbai
_bEPW Research Foundation
_c--
500 _aLibrary has 1973-73 to 1997-98. 2002. 1167p.;1973-74 to 2003-04, volume 2. 2007
650 _aIndustrial surveys - India
700 _aIndia. EPW Research Foundation
999 _c447254
_d447254